Books to Authors #2 - Statistics

General Stats
  • This quiz has been taken 441 times
  • The average score is 9 of 14
Answer Stats
Book Author % Correct
Animal Farm George Orwell
96%
To Kill a Mockingbird Harper Lee
93%
Wuthering Heights Emily Brontë
92%
The Great Gatsby F.Scott Fitzgerald
86%
Emma Jane Austen
86%
Don Quixote Miguel De Cervantes
76%
The Brothers Karamazov Fyodor Dostoyevski
68%
The Call Of The Wild Jack London
67%
Gone With The Wind Margaret Mitchell
63%
Robinson Crusoe Daniel Defoe
57%
The Hunger Games Suzanne Collins
53%
Gone Girl Gillian Flynn
17%
The Left Hand of Darkness Ursula K.Le Guinn
16%
The Tale Of Genji Murasaki Shikibu
6%
No matching quizzes found
Score Distribution
Percent of People with Each Score
Percentile by Number Answered
Your Score History
You have not taken this quiz